[Event "European Youth Chess Championship G14"]
[Site "Prague, Top Hotel Prague"]
[Date "2016.08.24"]
[Round "6.5"]
[White "Peycheva, Gergana"]
[Black "Verbin, Valentina"]
[Result "1-0"]
[WhiteElo "2134"]
[BlackElo "1928"]
[PlyCount "41"]
[EventDate "2016.08.18"]

1. d4 Nf6 2. c4 e6 3. Nc3 Bb4 4. e3 O-O 5. Bd3 Bxc3+ 6. bxc3 d5 7. Nf3 c5 8.
O-O b6 9. Ba3 Qc7 10. Qe2 Re8 11. cxd5 exd5 12. c4 cxd4 13. Nxd4 Ng4 14. g3 Qe5
15. c5 Nd7 16. Qxg4 bxc5 17. Nf5 Qf6 18. Qh4 Qe6 19. Nd4 Qb6 20. Qxh7+ Kf8 21.
Nf5 1-0

[Event "European Youth Chess Championship G14"]
[Site "Prague, Top Hotel Prague"]
[Date "2016.08.24"]
[Round "6.6"]
[White "Nestorovic, Katarina"]
[Black "Kucharska, Honorata"]
[Result "0-1"]
[WhiteElo "2059"]
[BlackElo "1851"]
[PlyCount "70"]
[EventDate "2016.08.18"]

1. e4 e6 2. d4 d5 3. Nc3 Nf6 4. Bg5 Be7 5. e5 Nfd7 6. h4 h6 7. Bxe7 Qxe7 8. Qd2
O-O 9. O-O-O c5 10. f4 cxd4 11. Qxd4 Nc6 12. Qd2 f6 13. exf6 Qxf6 14. g3 Nc5
15. Nge2 b6 16. g4 Qg6 17. Bh3 Ne4 18. Nxe4 Qxe4 19. f5 Ne5 20. Nc3 Qb4 21. a3
Qc5 22. fxe6 Bxe6 23. Qe2 d4 24. Na4 d3 25. Qd2 Qxc2+ 26. Qxc2 dxc2 27. Kxc2
Rf2+ 28. Kc3 Rf4 29. b4 Rc8+ 30. Kb2 Rf2+ 31. Ka1 Bb3 32. Rde1 Nf3 33. Nb2 Nxe1
34. Rxe1 Rh2 35. Bf1 Rxh4 0-1

[Event "European Youth Chess Championship G14"]
[Site "Prague, Top Hotel Prague"]
[Date "2016.08.24"]
[Round "6.7"]
[White "Vinokur, Yuliya"]
[Black "Schneider, Jana"]
[Result "1-0"]
[WhiteElo "1976"]
[BlackElo "2105"]
[PlyCount "107"]
[EventDate "2016.08.18"]

1. c4 e5 2. Nc3 Nc6 3. g3 Bc5 4. Bg2 a6 5. d3 d6 6. Nf3 Ba7 7. Rb1 f5 8. b4 Nf6
9. O-O O-O 10. a4 Qe8 11. b5 axb5 12. axb5 Ne7 13. Bb2 f4 14. Ra1 Bd7 15. Qb3
Kh8 16. Ra2 fxg3 17. hxg3 Ng4 18. Ne4 Qh5 19. Rfa1 Nc8 20. b6 cxb6 21. Qb4 Bc6
22. Bc1 b5 23. c5 Bd5 24. Ra5 Bxc5 25. Nxc5 Rxa5 26. Qxa5 b6 27. Qxb5 dxc5 28.
Qd7 Nf6 29. Qc7 Re8 30. Bb2 Ng4 31. e4 Bg8 32. Ra8 Rf8 33. Bxe5 Nxe5 34. Qxe5
Qxe5 35. Nxe5 Re8 36. Nd7 Bf7 37. e5 Kg8 38. Bc6 Rd8 39. Nxb6 Be6 40. Bb7 Nxb6
41. Rxd8+ Kf7 42. Rd6 Na4 43. f4 g6 44. Bd5 Bxd5 45. Rxd5 Ke6 46. Rd6+ Ke7 47.
g4 Nb2 48. f5 gxf5 49. gxf5 c4 50. dxc4 Nxc4 51. Rc6 Ne3 52. f6+ Kf7 53. Rc7+
Kg6 54. Rg7+ 1-0

[Event "European Youth Chess Championship G14"]
[Site "Prague, Top Hotel Prague"]
[Date "2016.08.24"]
[Round "6.8"]
[White "Rudzinska, Michalina"]
[Black "Solozhenkina, Elizaveta"]
[Result "1/2-1/2"]
[WhiteElo "1896"]
[BlackElo "2275"]
[PlyCount "85"]
[EventDate "2016.08.18"]

1. e4 d6 2. d4 Nf6 3. Nc3 g6 4. f3 c6 5. Be3 b5 6. Nge2 Nbd7 7. g4 Nb6 8. b3 h5
9. g5 Nfd7 10. Qd2 a5 11. a4 b4 12. Na2 Bg7 13. Bg2 c5 14. Rd1 c4 15. O-O e5
16. dxe5 dxe5 17. f4 exf4 18. Bxf4 O-O 19. Bd6 Ba6 20. Bxf8 Qxf8 21. Qe3 Qc5
22. Qf2 cxb3 23. Nac1 bxc2 24. Rd2 Bxe2 25. Qxc5 Nxc5 26. Rxe2 Nbxa4 27. Rxc2
Nc3 28. Ne2 Nxe2+ 29. Rxe2 Bd4+ 30. Kh1 a4 31. e5 Re8 32. Bd5 Re7 33. Rf4 Bc3
34. Rxf7 Rxf7 35. Rf2 Nd3 36. Rxf7 Nxe5 37. Ra7+ Kf8 38. Rxa4 Bd2 39. Kg2 Bxg5
40. Rxb4 Kg7 41. Be4 Be3 42. Rb5 Bf4 43. h3 1/2-1/2

[Event "European Youth Chess Championship G14"]
[Site "Prague, Top Hotel Prague"]
[Date "2016.08.24"]
[Round "6.9"]
[White "Bogdanic, Katarina"]
[Black "Muetsch, Annmarie"]
[Result "1/2-1/2"]
[WhiteElo "1883"]
[BlackElo "1966"]
[PlyCount "85"]
[EventDate "2016.08.18"]

1. c4 e5 2. g3 g6 3. Bg2 Bg7 4. Nc3 Nc6 5. Nf3 f5 6. d3 d6 7. O-O Nf6 8. Rb1 a5
9. a3 O-O 10. b4 axb4 11. axb4 h6 12. b5 Ne7 13. Bb2 Be6 14. Ra1 Qd7 15. Qc2 f4
16. Rxa8 Rxa8 17. Ra1 Rxa1+ 18. Bxa1 Nh5 19. Ne4 g5 20. Qc1 Ng6 21. Nfd2 Bh3
22. Qf1 Be6 23. Qc1 Ne7 24. Bb2 c6 25. Ba3 Nf5 26. bxc6 bxc6 27. Nb3 g4 28. Bb2
Qa7 29. Kh1 Bf8 30. Qa1 Qb6 31. Qa4 d5 32. c5 Qb7 33. Ned2 Bg7 34. Ba1 Ne7 35.
Qa5 Nc8 36. Qd8+ Kh7 37. Qa5 Bf6 38. Kg1 Kg6 39. Qa4 Na7 40. Qa5 Nc8 41. Qa4
Na7 42. Qa5 Nc8 43. Qa4 $11 1/2-1/2

[Event "European Youth Chess Championship G14"]
[Site "Prague, Top Hotel Prague"]
[Date "2016.08.24"]
[Round "6.10"]
[White "Nemcova, Karin"]
[Black "Palma, Maria"]
[Result "0-1"]
[WhiteElo "1798"]
[BlackElo "1911"]
[PlyCount "86"]
[EventDate "2016.08.18"]

1. e4 e6 2. d4 d5 3. Nd2 Nf6 4. e5 Nfd7 5. Bd3 b6 6. Ne2 c5 7. c3 Ba6 8. Nf3
Be7 9. O-O Bxd3 10. Qxd3 O-O 11. Bd2 h6 12. Rac1 Qc8 13. Rfe1 Qa6 14. Qb1 Nc6
15. b4 cxb4 16. cxb4 Qb7 17. b5 Na5 18. Bb4 Bxb4 19. Qxb4 Rfc8 20. Nd2 Nf8 21.
h3 Ng6 22. a4 Qd7 23. Nb3 Nc4 24. Nd2 a5 25. bxa6 Nxd2 26. Rxc8+ Rxc8 27. Qxd2
Qxa4 28. Qb2 Qxa6 29. Nc3 Nf4 30. Qd2 Qd3 31. Qxf4 Qxc3 32. Rb1 Qc6 33. Qd2 b5
34. Qb2 g5 35. Qxb5 Qxb5 36. Rxb5 Rc4 37. f3 Rxd4 38. Rb2 Kg7 39. Kf2 Kg6 40.
Ke3 Ra4 41. g4 Ra1 42. Kf2 Rh1 43. Kg3 Re1 0-1

[Event "European Youth Chess Championship G14"]
[Site "Prague, Top Hotel Prague"]
[Date "2016.08.24"]
[Round "6.11"]
[White "Pipia, Ekaterine"]
[Black "Kovacs, Judit"]
[Result "1-0"]
[WhiteElo "1661"]
[BlackElo "2167"]
[PlyCount "74"]
[EventDate "2016.08.18"]

1. d4 d5 2. c4 c6 3. cxd5 cxd5 4. Bf4 Nc6 5. e3 Nf6 6. Nc3 a6 7. Bd3 e6 8. Nf3
Bd6 9. Bxd6 Qxd6 10. O-O O-O 11. a3 Nd7 12. Bc2 f5 13. Ng5 Nf6 14. Rc1 Bd7 15.
Bb1 b5 16. b4 Be8 17. Ne2 h6 18. Nh3 a5 19. bxa5 Nxa5 20. Rc5 Nb7 21. Rc3 Rxa3
22. Rxa3 Qxa3 23. Nhf4 Bd7 24. Bd3 Nd6 25. Ng6 Ra8 26. Ne5 Nc4 27. Nxd7 Nxd7
28. Nf4 Nf8 29. Qh5 b4 30. g4 fxg4 31. Qxg4 Qa6 32. Nh5 Qb7 33. Kh1 Qf7 34. Rg1
Ra7 35. Nxg7 Kh8 36. Qh3 Nh7 37. Nxe6 Nd2 1-0

[Event "European Youth Chess Championship G14"]
[Site "Prague, Top Hotel Prague"]
[Date "2016.08.24"]
[Round "6.12"]
[White "Moscicka, Pola"]
[Black "Bulatova, Kamaliya"]
[Result "0-1"]
[WhiteElo "1853"]
[BlackElo "1999"]
[PlyCount "76"]
[EventDate "2016.08.18"]

1. d4 Nf6 2. c4 g6 3. Nc3 d5 4. cxd5 Nxd5 5. e4 Nxc3 6. bxc3 Bg7 7. Nf3 c5 8.
Be3 Qa5 9. Qd2 O-O 10. Rc1 Rd8 11. d5 Nc6 12. Be2 Bg4 13. O-O Rac8 14. Qb2 Bxf3
15. Bxf3 Ne5 16. Qxb7 Rc7 17. Qb3 c4 18. Qc2 Nd3 19. Rcd1 Bxc3 20. Be2 Nb2 21.
Rb1 Na4 22. Rfc1 Be5 23. Bf1 Rdc8 24. g3 Nb6 25. Bh3 Rd8 26. Bg2 c3 27. f4 Nc4
28. fxe5 Nxe3 29. Qf2 c2 30. Rb3 Nd1 31. Qf4 Qc5+ 32. Kf1 Qc4+ 33. Ke1 Rcc8 34.
e6 Rf8 35. e5 Qc5 36. Bh3 fxe6 37. Bxe6+ Kg7 38. Qe4 Qf2# 0-1

[Event "European Youth Chess Championship G14"]
[Site "Prague, Top Hotel Prague"]
[Date "2016.08.24"]
[Round "6.13"]
[White "Beydullayeva, Govhar"]
[Black "Moenster, Madita"]
[Result "1-0"]
[WhiteElo "1945"]
[BlackElo "1808"]
[PlyCount "71"]
[EventDate "2016.08.18"]

1. d4 Nf6 2. c4 e6 3. Nf3 Bb4+ 4. Nbd2 d5 5. Qa4+ Nc6 6. e3 O-O 7. Bd3 Be7 8.
a3 Re8 9. O-O Bf8 10. Qc2 h6 11. b4 a5 12. b5 dxc4 13. Nxc4 Ne7 14. e4 Bd7 15.
a4 Nc8 16. Nfe5 Na7 17. Be3 c6 18. bxc6 Bxc6 19. Nd2 Nd7 20. Nxc6 Nxc6 21. Bb5
Rc8 22. Qb2 Na7 23. Bxd7 Qxd7 24. d5 Bc5 25. Bxc5 Rxc5 26. Qb6 Rc2 27. Rfd1 Nc8
28. Qxa5 exd5 29. Nf3 Rxe4 30. Rxd5 Qc6 31. Rdd1 Rc5 32. Qd8+ Re8 33. Qd3 Nb6
34. Nd4 Qf6 35. Qb3 Qe7 36. Qxb6 1-0

[Event "European Youth Chess Championship G14"]
[Site "Prague, Top Hotel Prague"]
[Date "2016.08.24"]
[Round "6.14"]
[White "Hajiyeva, Laman"]
[Black "Koroleva, Evgeniya"]
[Result "0-1"]
[WhiteElo "1800"]
[BlackElo "1940"]
[PlyCount "88"]
[EventDate "2016.08.18"]

1. c4 c5 2. Nf3 Nc6 3. d4 cxd4 4. Nxd4 Nf6 5. Nc3 e6 6. e4 Bb4 7. Nxc6 bxc6 8.
Bd3 e5 9. Bg5 d6 10. O-O Bc5 11. Qf3 h6 12. Be3 Bb6 13. Qg3 Nh5 14. Qf3 Bxe3
15. fxe3 Nf6 16. h3 Be6 17. Rad1 Rb8 18. Rd2 Qe7 19. Be2 O-O 20. g4 Rbd8 21.
Qg3 Nh7 22. Bd3 Kh8 23. Rg2 f6 24. h4 g6 25. b4 Qf7 26. Be2 Bxc4 27. b5 cxb5
28. Nxb5 Bxe2 29. Rxe2 Qc4 30. Rb2 a6 31. Na3 Qxe4 32. Rbf2 f5 33. g5 h5 34.
Nc2 Rc8 35. Qh2 Rc4 36. Rd2 Rfc8 37. Rff2 R8c6 38. Rfe2 Qxh4 39. Qxh4 Rxh4 40.
Ne1 Rg4+ 41. Rg2 Nxg5 42. Rb2 Ne4 43. Rb8+ Kg7 44. Rb7+ Kf6 0-1

[Event "European Youth Chess Championship G14"]
[Site "Prague, Top Hotel Prague"]
[Date "2016.08.24"]
[Round "6.15"]
[White "Hereklioglu, Sude"]
[Black "Sankova, Stella"]
[Result "1-0"]
[WhiteElo "1801"]
[BlackElo "1898"]
[PlyCount "99"]
[EventDate "2016.08.18"]

1. e4 c5 2. Nf3 e6 3. g3 d6 4. Bg2 Nf6 5. Nc3 Be7 6. O-O O-O 7. d3 Nc6 8. Re1
a6 9. Bf4 e5 10. Bg5 h6 11. Bxf6 Bxf6 12. Nd2 Bg5 13. Nd5 Ne7 14. Nxe7+ Qxe7
15. Nc4 Be6 16. Nb6 Rae8 17. a4 Qc7 18. a5 f5 19. exf5 Bxf5 20. Be4 Qf7 21. Qf3
Bxe4 22. Qxf7+ Rxf7 23. dxe4 Kf8 24. Rad1 Ke7 25. h4 Bf6 26. Rd5 Ke6 27. Red1
Rd8 28. Nc4 Rfd7 29. R5d3 g5 30. h5 Be7 31. Kg2 Bf8 32. Ne3 Rb8 33. Nc4 Rbd8
34. Rb3 Rc7 35. Rb6 Kf7 36. Nxd6+ Bxd6 37. Rdxd6 Rxd6 38. Rxd6 Rc6 39. Rxc6
bxc6 40. Kf3 Ke6 41. Kg4 Kf6 42. f4 gxf4 43. gxf4 exf4 44. Kxf4 Ke6 45. c4 Kf6
46. e5+ Ke6 47. Ke4 Ke7 48. Kf5 Kf7 49. e6+ Ke8 50. Kg6 1-0

[Event "European Youth Chess Championship G14"]
[Site "Prague, Top Hotel Prague"]
[Date "2016.08.24"]
[Round "6.16"]
[White "Rinaudo, Giada"]
[Black "Strukova, Ksenia"]
[Result "0-1"]
[WhiteElo "1754"]
[BlackElo "1894"]
[PlyCount "94"]
[EventDate "2016.08.18"]

1. Nf3 Nf6 2. g3 g6 3. b4 Bg7 4. Bb2 O-O 5. Bg2 d5 6. d3 Na6 7. a3 c5 8. bxc5
Nxc5 9. Nbd2 Bd7 10. Rb1 Rc8 11. O-O Re8 12. Ne5 Na4 13. Ba1 Qc7 14. c4 Nb6 15.
Nxd7 Qxd7 16. cxd5 Nfxd5 17. Bxg7 Kxg7 18. Rc1 Kg8 19. Nc4 Red8 20. e4 Nxc4 21.
dxc4 Nb6 22. Qb3 Qe6 23. e5 Rxc4 24. Bh3 Qxh3 25. Rxc4 Nxc4 26. Qxc4 Qc8 27.
Qa2 e6 28. Qb2 b6 29. Rc1 Qb8 30. Qc3 Rd5 31. f4 Rc5 32. Qd2 Rd5 33. Qc3 Qd8
34. a4 Rc5 35. Qb3 Rd5 36. Qc3 Kg7 37. Qc2 Rd2 38. Qc3 Qd5 39. Qc6 Rd1+ 40.
Rxd1 Qxc6 41. Ra1 Qc5+ 42. Kg2 Qd5+ 43. Kh3 a5 44. Rb1 Qc5 45. Ra1 b5 46. axb5
Qxb5 47. Kg2 Qb2+ 0-1

[Event "European Youth Chess Championship G14"]
[Site "Prague, Top Hotel Prague"]
[Date "2016.08.24"]
[Round "6.17"]
[White "_|_, Denisa-Andreea"]
[Black "Olde, Grete"]
[Result "0-1"]
[WhiteElo "1893"]
[BlackElo "1727"]
[PlyCount "130"]
[EventDate "2016.08.18"]

1. d4 d5 2. c4 e6 3. Nf3 Nf6 4. Nc3 Be7 5. e3 O-O 6. Bd3 b6 7. cxd5 exd5 8. O-O
Nbd7 9. b3 Bb7 10. Bb2 c5 11. Qe2 Ne4 12. Rfd1 Rc8 13. dxc5 Nxc3 14. Bxc3 bxc5
15. Ba6 Qb6 16. Bxb7 Qxb7 17. Qd3 Bf6 18. Rac1 Bxc3 19. Rxc3 Nf6 20. Rdc1 Ne4
21. R3c2 Rfd8 22. Ne1 Qe7 23. Qb5 Nd6 24. Qa5 d4 25. exd4 cxd4 26. Rd1 Nb7 27.
Qd2 Rxc2 28. Nxc2 d3 29. Ne1 Nc5 30. h3 g6 31. Nf3 Qf6 32. Qe3 Qd6 33. b4 Na4
34. Qd2 Qf6 35. Qe3 Qc3 36. Qe7 Rf8 37. Qxa7 Nb2 38. Rd2 Nc4 39. Rd1 Qc2 40.
Rf1 d2 41. Qd4 Qxa2 42. Ng5 Qc2 43. Ne4 f5 44. Ng5 h6 45. Ne6 Rf7 46. Kh2 Qe4
47. Qd8+ Kh7 48. Nc5 Qe2 49. Qd5 Re7 50. Ra1 Nb2 51. Ra8 Qe5+ 52. Qxe5 Rxe5 53.
Ra7+ Kg8 54. Nd7 d1=Q 55. Nxe5 Qd6 56. f4 g5 57. b5 gxf4 58. Nf3 Qb6 59. Ra6
Qxb5 60. Rxh6 Nd3 61. Rh5 Nf2 62. Rh4 Qc4 63. Kg1 Ne4 64. Ne5 Qc1+ 65. Kh2 Ng3
0-1

[Event "European Youth Chess Championship G14"]
[Site "Prague, Top Hotel Prague"]
[Date "2016.08.24"]
[Round "6.18"]
[White "Ferkova, Dominika"]
[Black "Jarocka, Liwia"]
[Result "1-0"]
[WhiteElo "1885"]
[BlackElo "1676"]
[PlyCount "67"]
[EventDate "2016.08.18"]

1. d4 Nf6 2. c4 g6 3. Nc3 Bg7 4. e4 d6 5. f3 O-O 6. Nge2 c6 7. Be3 a6 8. a4 a5
9. g4 Na6 10. Ng3 e5 11. d5 Nb4 12. Qd2 Nd7 13. Na2 Nxa2 14. Rxa2 Nb8 15. h4
Bf6 16. g5 Be7 17. h5 Na6 18. b3 Qc7 19. Qh2 Bd8 20. Qh4 Nc5 21. Bxc5 dxc5 22.
Rah2 cxd5 23. cxd5 h6 24. hxg6 Bxg5 25. Qxg5 hxg5 26. Rh8+ Kg7 27. R1h7+ Kf6
28. g7 Rd8 29. Rh6+ Ke7 30. d6+ Rxd6 31. g8=Q Rxh6 32. Qf8+ Kd7 33. Qxf7+ Kc6
34. Rxh6+ 1-0

[Event "European Youth Chess Championship G14"]
[Site "Prague, Top Hotel Prague"]
[Date "2016.08.24"]
[Round "6.19"]
[White "Koubova, Anna Marie"]
[Black "Leonova, Ameliya"]
[Result "1-0"]
[WhiteElo "1868"]
[BlackElo "1513"]
[PlyCount "47"]
[EventDate "2016.08.18"]

1. d4 f5 2. c4 Nf6 3. Nc3 g6 4. h4 Bg7 5. h5 Nxh5 6. e4 e6 7. e5 d6 8. g4 fxg4
9. Qxg4 dxe5 10. Rxh5 exd4 11. Ne4 gxh5 12. Qxg7 Rf8 13. Be2 Qh4 14. Bg5 Rf7
15. Qxf7+ Kxf7 16. Bxh4 Nc6 17. Bxh5+ Kg7 18. Nf3 Bd7 19. O-O-O e5 20. Bf6+ Kf8
21. Nxe5 Nxe5 22. Bxe5 Be8 23. Bxe8 Rxe8 24. f4 1-0

[Event "European Youth Chess Championship G14"]
[Site "Prague, Top Hotel Prague"]
[Date "2016.08.24"]
[Round "6.20"]
[White "Kulpa, Zuzanna"]
[Black "Pribylova, Sofie"]
[Result "0-1"]
[WhiteElo "1719"]
[BlackElo "1864"]
[PlyCount "94"]
[EventDate "2016.08.18"]

1. e4 c5 2. Nf3 d6 3. d4 cxd4 4. Nxd4 Nf6 5. f3 h5 6. c4 g6 7. Nc3 Bg7 8. Be3
a6 9. Qd2 Nc6 10. Be2 Bd7 11. O-O O-O 12. Rfd1 Rb8 13. Rac1 Re8 14. Bf1 Qa5 15.
Nb3 Qd8 16. Qf2 b6 17. Nd5 Nxd5 18. cxd5 Na5 19. Nd2 Bb5 20. b4 Bxf1 21. Rxf1
Nb7 22. Bxb6 Qd7 23. Rc7 Qb5 24. Rfc1 Qxb4 25. Rb1 Qa4 26. Ba7 Ra8 27. Rc4 Qd7
28. Rcb4 Nc5 29. Bxc5 dxc5 30. Qxc5 Rec8 31. Qe3 Bc3 32. Rc4 Bxd2 33. Rxc8+
Rxc8 34. Qxd2 Qa4 35. Qb2 Qc4 36. a3 Qd3 37. Qb3 Rc3 38. Qb8+ Kh7 39. Rf1 Qe3+
40. Kh1 Rc1 41. Qb1 Rxb1 42. Rxb1 Qxa3 43. h3 a5 44. Rb7 a4 45. Ra7 Qb4 46. d6
Qxd6 47. e5 Qb4 0-1

[Event "European Youth Chess Championship G14"]
[Site "Prague, Top Hotel Prague"]
[Date "2016.08.24"]
[Round "6.21"]
[White "Zhbanova, Angelina"]
[Black "Waszczuk, Patrycja"]
[Result "1-0"]
[WhiteElo "1465"]
[BlackElo "1859"]
[PlyCount "45"]
[EventDate "2016.08.18"]

1. e4 c5 2. Nf3 e6 3. d4 cxd4 4. Nxd4 a6 5. Nc3 Qc7 6. Bd3 Nf6 7. O-O Be7 8.
Re1 d6 9. Bg5 Nbd7 10. Kh1 O-O 11. f4 Nc5 12. e5 dxe5 13. fxe5 Ne8 14. Bxe7
Qxe7 15. Re3 Nxd3 16. Qxd3 b6 17. Rh3 h6 18. Rg3 Bb7 19. Qe3 Kh8 20. Rf1 Nc7
21. Rf6 Rfe8 22. Qxh6+ gxh6 23. Rxh6# 1-0

[Event "European Youth Chess Championship G14"]
[Site "Prague, Top Hotel Prague"]
[Date "2016.08.24"]
[Round "6.22"]
[White "Aciu, Malina-Andreea"]
[Black "Catal, Uktenur"]
[Result "1-0"]
[WhiteElo "1935"]
[BlackElo "1666"]
[PlyCount "76"]
[EventDate "2016.08.18"]

1. e4 c5 2. Nf3 e6 3. d4 cxd4 4. Nxd4 a6 5. Bd3 Nf6 6. O-O Qc7 7. c4 d6 8. Nc3
Nbd7 9. b3 b6 10. Qe2 Bb7 11. Bb2 Be7 12. Rad1 O-O 13. Bb1 Rfe8 14. f4 g6 15.
Kh1 Rac8 16. Nf3 Nh5 17. Qd2 Rcd8 18. f5 Ne5 19. Nd4 exf5 20. exf5 d5 21. cxd5
Ng4 22. g3 Bb4 23. Rf3 Ne5 24. Re3 Qb8 25. Qe2 Bxc3 26. Bxc3 Bxd5+ 27. Kg1 Nc6
28. fxg6 hxg6 29. Bf5 Rxe3 30. Qxe3 gxf5 31. Qg5+ Kf8 32. Qxh5 Ke7 33. Qg5+ Ke8
34. Nxf5 Be6 35. Re1 Kd7 36. Be5 Rg8 37. Rd1+ Kc8 38. Qf4 Qb7 {not possible to
reconstruct} 1-0

[Event "European Youth Chess Championship G14"]
[Site "Prague, Top Hotel Prague"]
[Date "2016.08.24"]
[Round "6.24"]
[White "Hrysogelou, Athanasia-Panagiot"]
[Black "Hercog, Nusa"]
[Result "0-1"]
[WhiteElo "1695"]
[BlackElo "1865"]
[PlyCount "148"]
[EventDate "2016.08.18"]

1. d4 d5 2. c4 c6 3. Nf3 Nf6 4. e3 e6 5. Bd3 Nbd7 6. Nbd2 Bd6 7. O-O O-O 8. e4
dxe4 9. Nxe4 Nxe4 10. Bxe4 f5 11. Bc2 e5 12. c5 Bb8 13. b4 e4 14. Ng5 Nf6 15.
Bb3+ Nd5 16. f3 e3 17. f4 h6 18. Nh3 Re8 19. Re1 Be6 20. Bxd5 Bxd5 21. Bxe3 Qf6
22. Bf2 Be4 23. Qd2 Bc7 24. a4 a6 25. Be3 Qg6 26. Ra2 Rad8 27. Rb2 Re7 28. Qf2
Rde8 29. Qg3 Qxg3 30. hxg3 Bxg2 31. Kxg2 Rxe3 32. Rxe3 Rxe3 33. b5 axb5 34.
axb5 Rd3 35. b6 Bd8 36. Ra2 Rxd4 37. Ra7 Rd7 38. Ng1 Be7 39. Ra5 Rd5 40. Ra7
Rd7 41. Ra5 Rd2+ 42. Kf3 Rc2 43. Ra8+ Kh7 44. Ra7 Bxc5 45. Ne2 Bxb6 46. Rxb7
Rb2 47. Rb8 c5 48. Rc8 Rc2 49. Rc6 Ba5 50. Ke3 Bb4 51. Kd3 Ra2 52. Ke3 Be1 53.
Kd3 Ra3+ 54. Kc2 Bf2 55. Kd2 Bxg3 56. Rxc5 Kg6 57. Nxg3 Rxg3 58. Ke2 Kf6 59.
Rc6+ Kf7 60. Rc5 Kg6 61. Kf2 Rd3 62. Rb5 Rd4 63. Kf3 Re4 64. Rc5 Kf6 65. Rc6+
Re6 66. Rc8 g5 67. Rf8+ Kg6 68. fxg5 hxg5 69. Rg8+ Kh6 70. Rh8+ Kg7 71. Rh5 Kg6
72. Rh8 g4+ 73. Kf4 Re4+ 74. Kg3 Re3+ 0-1

[Event "European Youth Chess Championship G14"]
[Site "Prague, Top Hotel Prague"]
[Date "2016.08.24"]
[Round "6.25"]
[White "Bellahcene, Meriem"]
[Black "Simkunaite, Gabija"]
[Result "1-0"]
[WhiteElo "1837"]
[BlackElo "1629"]
[PlyCount "95"]
[EventDate "2016.08.18"]

1. e4 c5 2. Nf3 Nc6 3. Bb5 g6 4. Bxc6 dxc6 5. O-O Bg7 6. d3 Nf6 7. Nc3 O-O 8.
h3 b5 9. Qe2 Nd7 10. Be3 b4 11. Nd1 a5 12. Nd2 Ba6 13. f4 Bd4 14. Kh1 e6 15.
Qf2 Nb6 16. Nf3 Bxe3 17. Nxe3 c4 18. Ne5 cxd3 19. cxd3 Bb5 20. Rac1 Rc8 21.
N3g4 f6 22. Nf3 Na4 23. f5 exf5 24. exf5 Qxd3 25. fxg6 Qxg6 26. Rfe1 h5 27. Nh4
Qg5 28. Ne3 Nxb2 29. Qxb2 Qxh4 30. Nf5 Qg5 31. Ne7+ Kh8 32. Nxc8 Rxc8 33. Re6
Kg7 34. Rce1 Rd8 35. Re7+ Kg6 36. Qc2+ Bd3 37. Qxc6 Qg3 38. Qb7 Kh6 39. Qc7 Rg8
40. Qb7 Rg7 41. R1e6 Rg6 42. Rh7+ Kg5 43. Qd5+ Bf5 44. Qd2+ Kh4 45. Re3 Qf4 46.
Qe1+ Rg3 47. Rxg3 Qxg3 48. Rxh5+ 1-0

[Event "European Youth Chess Championship G14"]
[Site "Prague, Top Hotel Prague"]
[Date "2016.08.24"]
[Round "6.26"]
[White "Mkrtchyan, Anahit"]
[Black "Laurincova, Kristyna"]
[Result "0-1"]
[WhiteElo "1561"]
[BlackElo "1815"]
[PlyCount "112"]
[EventDate "2016.08.18"]

1. e4 c5 2. Nf3 d6 3. d4 cxd4 4. Qxd4 Nc6 5. Bb5 Bd7 6. Bxc6 Bxc6 7. Nc3 h6 8.
Be3 Nf6 9. O-O-O Qc7 10. e5 dxe5 11. Nxe5 e6 12. Bf4 Qb6 13. Nxc6 Qxc6 14. f3
Bc5 15. Qe5 Rc8 16. Rd3 b5 17. Kb1 b4 18. Ne2 O-O 19. Rc1 Nd5 20. Nd4 Bxd4 21.
Qxd4 Nxf4 22. Qxf4 a5 23. g4 Rfd8 24. Qd2 Rxd3 25. cxd3 Qb7 26. Rxc8+ Qxc8 27.
Qe3 Qc7 28. f4 Qc6 29. Qe4 Qc5 30. Qa8+ Kh7 31. Qe4+ g6 32. d4 Qc4 33. Qe5 Qf1+
34. Kc2 Qg2+ 35. Kb3 a4+ 36. Kxb4 Qxb2+ 37. Kxa4 Qxa2+ 38. Kb4 Qxh2 39. Kc5 h5
40. Qf6 Kg8 41. g5 Qc2+ 42. Kd6 Qc8 43. Ke5 Qa8 44. Kd6 Qd5+ 45. Kc7 h4 46. Qe7
h3 47. Qe8+ Kg7 48. Qa4 h2 49. Qd1 h1=Q 50. Qxh1 Qxh1 51. Kd8 Qb7 52. d5 exd5
53. f5 gxf5 54. g6 fxg6 55. Ke8 Kf6 56. Kd8 Ke6 0-1

[Event "European Youth Chess Championship G14"]
[Site "Prague, Top Hotel Prague"]
[Date "2016.08.24"]
[Round "6.27"]
[White "Gresova, Zuzana"]
[Black "Waardenburg, Marlinde"]
[Result "1-0"]
[WhiteElo "1810"]
[BlackElo "1580"]
[PlyCount "135"]
[EventDate "2016.08.18"]

1. e4 e5 2. Nf3 Nc6 3. d4 exd4 4. Nxd4 Qf6 5. Nb3 Qg6 6. f3 Bd6 7. Be3 Nf6 8.
Nc3 Bxh2 9. Qd2 Bg3+ 10. Bf2 Bxf2+ 11. Qxf2 a6 12. O-O-O d6 13. Bd3 Ne5 14. Kb1
Be6 15. g4 Nfd7 16. Nd5 Bxd5 17. exd5 Qf6 18. Bf5 g6 19. Bxd7+ Kxd7 20. Rhf1
Rhe8 21. Rd4 Qg7 22. Qd2 f5 23. g5 Re7 24. Rh4 Rae8 25. a3 b5 26. Na5 Rb8 27.
Qc3 Rb6 28. Rfh1 Qg8 29. Rd4 Qf7 30. Rh3 Qe8 31. Rdh4 Qg8 32. Qd2 Rb8 33. Rd4
Rbe8 34. Qc3 Qg7 35. f4 Nc4 36. Nxc4 bxc4 37. Qxc4 Re1+ 38. Ka2 Rb8 39. Rc3 Kd8
40. Qa4 Rb6 41. Rb4 Qd7 42. Qxd7+ Kxd7 43. Rbc4 Rb7 44. Rh3 Re7 45. Ra4 Rb5 46.
c4 Rb6 47. Rb4 Rxb4 48. axb4 Ke8 49. Kb3 Kf8 50. Ka4 Kg7 51. b5 axb5+ 52. Kxb5
Re4 53. Rh4 Re2 54. b3 Re3 55. b4 Rg3 56. c5 Rg4 57. Rh1 Rxf4 58. Ra1 Rg4 59.
Ra7 dxc5 60. Rxc7+ Kg8 61. Kxc5 Rxg5 62. d6 f4+ 63. Kc6 Rf5 64. d7 f3 65. d8=Q+
Rf8 66. Qd5+ Kh8 67. Qe5+ Kg8 68. Qg7# 1-0

[Event "European Youth Chess Championship G14"]
[Site "Prague, Top Hotel Prague"]
[Date "2016.08.24"]
[Round "6.28"]
[White "Granovskaya, Ekaterina"]
[Black "Richterova, Julie"]
[Result "1-0"]
[WhiteElo "1805"]
[BlackElo "1592"]
[PlyCount "145"]
[EventDate "2016.08.18"]

1. e4 c6 2. d4 d5 3. e5 Bf5 4. c4 dxc4 5. Bxc4 e6 6. Nc3 Nd7 7. Nge2 Nb6 8. Bb3
Ne7 9. O-O Ned5 10. Ng3 Bg6 11. f4 Qd7 12. Qf3 O-O-O 13. Rd1 h5 14. Nge4 h4 15.
Rd2 Qc7 16. a3 Be7 17. Ba2 Kb8 18. b4 Nxc3 19. Nxc3 Rd7 20. Bb2 Rhd8 21. Rc1
Qc8 22. Qf2 Rc7 23. Bb3 Rdd7 24. Qe2 Qd8 25. Rcd1 Qh8 26. Qf2 Rc8 27. Bc1 Bf5
28. h3 g5 29. Re2 g4 30. Bc2 Bxc2 31. Rxc2 gxh3 32. gxh3 Rg8+ 33. Kh2 Rdd8 34.
Ne4 Nd5 35. Rg1 Qh7 36. Rxg8 Rxg8 37. Qf3 Rd8 38. Rg2 Nb6 39. Bb2 Nc4 40. Ba1
Rd7 41. Nc5 Rd5 42. Qc3 Nb6 43. Qb3 Qf5 44. Qe3 Rd8 45. Rg4 Nd5 46. Qd2 Nc7 47.
Nb3 Qe4 48. Bb2 Qf3 49. Nc1 Nb5 50. a4 Nc7 51. Nd3 Qe4 52. Rg7 Qf5 53. Nc5 Nd5
54. Bc1 Nb6 55. a5 Nd5 56. Qd3 Qxd3 57. Nxd3 Nxb4 58. Nxb4 Bxb4 59. Rxf7 Rxd4
60. Rf6 Re4 61. Kg2 Re1 62. Rxe6 Rxc1 63. f5 Rc2+ 64. Kf3 Rc3+ 65. Kg4 Rc4+ 66.
Kg5 Re4 67. f6 c5 68. Re8+ Kc7 69. e6 c4 70. e7 Bxe7 71. Kg6 Re1 72. Rxe7+ Rxe7
73. fxe7 1-0

[Event "European Youth Chess Championship G14"]
[Site "Prague, Top Hotel Prague"]
[Date "2016.08.24"]
[Round "6.29"]
[White "Esadze, Tamari"]
[Black "Vetshtein, Lior"]
[Result "1-0"]
[WhiteElo "1763"]
[BlackElo "1489"]
[PlyCount "61"]
[EventDate "2016.08.18"]

1. e4 e6 2. d4 d5 3. Nc3 Bb4 4. a3 Bxc3+ 5. bxc3 dxe4 6. Qg4 Nf6 7. Qxg7 Rg8 8.
Qh6 b6 9. Bg5 Rg6 10. Qh4 Bb7 11. Ne2 Nbd7 12. Nf4 Rg8 13. Be2 Qe7 14. Nh5 Rg6
15. Nxf6+ Nxf6 16. Bh5 Rxg5 17. Qxg5 Nxh5 18. Qxh5 O-O-O 19. a4 Qf6 20. a5 Rd5
21. Qxh7 bxa5 22. Qg8+ Rd8 23. Qg4 Rd5 24. h4 Qf5 25. Qg8+ Kd7 26. Rb1 Ba6 27.
Rb8 c6 28. Ra8 Rb5 29. O-O Rb7 30. Qe8+ Kc7 31. Rc8+ 1-0